000
00219nam a22001097a 4500
082
_a
297.273YUS
100
_a
Yusuf
245
_a
economics Justice in islam
260
_a
Lahore
_c
1977
300
_a
116
942
_c
BK
999
_c
14100
_d
14100